000 00538nam a2200181Ia 4500
003 GCL
008 140319s9999 xx 000 0 ara d
040 _aGCL /
_cGCL
082 0 4 _a811.009
_bع س
100 1 _aعبدالله التطاوى
245 1 0 _aدراسات نصية: سينية البحترى البعد النفسى والمعارضة /
_cعبدالله التطاوى
300 _a140 ص
490 _a
650 0 4 _aالشعر العربى
650 0 4 _aالشعر
650 0 4 _aتاريخ ونقد
942 _2ddc
_cBK
999 _c44049
_d44049